000 00529nam a2200181Ia 4500
005 20250326125129.0
008 250326s9999 xx 000 0 und d
037 _aTextbook
040 _aFMSL
_beng
_cFMSL
041 _aeng
_2eng
084 _aX:9ogSNI K7;1
_qFMSL
100 _aMegginson L C
_9737696
245 0 _aPersonnel: behavioral approach to administration
_cMegginson L C
260 _aUSA
_bUSA, Richard D Irwin
_c1967
300 _a688p
942 _cTB
_hX:9ogSNI K7;1
999 _c1276673
_d1276673